WWE Signature and finishing Moves - Statistics

General Stats
  • This quiz has been taken 133 times
  • The average score is 23 of 35
Answer Stats
Superstar Move % Correct
Roman Reigns Spear
92%
Goldberg Spear
92%
Edge Spear
92%
Kane Chokeslam
88%
Brock Lesnar F5
87%
Undertaker Tombstone Piledriver
87%
Randy Orton RKO
86%
John Cena Attitude Adjustment
84%
Triple H Pedigree
83%
"Stone Cold" Steve Austin Stunner
83%
Shawn Michaels Sweet Chin Music
81%
CM Punk GTS
79%
The Rock Rock Bottom
79%
Roman Reigns Superman Punch
77%
Batista Batista Bomb
76%
Seth Rollins Curb Stomp
75%
The Rock The People's Elbow
72%
Dean Ambrose Dirty Deeds
67%
John Cena STF
66%
Undertaker The Last Ride
65%
Bret "Hitman" Hart Sharpshooter
64%
The Miz Skull Crushing Finale
64%
Goldberg Jackhammer
60%
John Cena Five Knuckle Shuffle
59%
Undertaker Hells Gate
59%
Ric Flair Figure Four
54%
Drew Mcintyre Claymore Kick
49%
Brock Lesnar Kimura Lock
48%
Drew Mcintyre Future Shock
47%
Sting Scorpion Deathlock
41%
Sting Scorpion Deathdrop
40%
Sting Stinger Splash
33%
Edge Edgecution
31%
CM Punk Anaconda Vice
30%
Batista Batista Bite
24%
No matching quizzes found
Score Distribution
Percent of People with Each Score
Percentile by Number Answered
Your Score History
You have not taken this quiz